Archäologische Untersuchungen. Über Temporalität und Dinge /

Wie kommt die Zeit in die Archäologie? Menschen erkennen sich vor allem über ihre Dinge (Arte-fakte) und sind so mit sich selbst eine Zeit. Zeitgestaltung von Menschen ist bedingt und Archäologie ihre Geschichte. Undine Stabrey zeigt am Verhältnis von Mobilität und Erkenntnis, wie Vergangenheit als...

Full description

Bibliographic Details
Main Author: Stabrey, Undine (Author)
Corporate Author: Walter de Gruyter & Co
Format: eBook
Language:German
Language Notes:In German.
Published: Bielefeld : Transcript-Verlag, [2017]
Edition:1. Aufl.
Series:Histoire (Transcript (Firm)) ; 98.
Subjects:
Online Access:Connect to the full text of this electronic book

MARC

Tag First Indicator Second Indicator Subfields
LEADER 00000cam a2200000Mi 4500
001 in00004773613
006 m o d
007 cr cnu---unuuu
008 170913s2017 gw fobd z000 0 ger d
005 20240212223346.7
035 |a (OCoLC)on1013940585 
040 |a DEGRU  |b eng  |e rda  |e pn  |c DEGRU  |d OAPEN  |d OCLCQ  |d DEGRU  |d VT2  |d WYU  |d OCLCQ  |d UHL  |d OCLCO  |d OCLCF  |d EBLCP  |d OCLCQ  |d SNU  |d UKKNU  |d EQF  |d OCLCQ  |d N$T  |d OCLCO  |d OCLCQ  |d SFB  |d OCLCO 
019 |a 1066438837  |a 1096890733  |a 1154849291  |a 1167529041 
020 |a 9783839435861  |q (electronic bk.) 
020 |a 3839435862 
020 |a 3837635864 
020 |a 9783837635867 
024 7 |a 10.14361/9783839435861  |2 doi 
035 |a (OCoLC)1013940585  |z (OCoLC)1066438837  |z (OCoLC)1096890733  |z (OCoLC)1154849291  |z (OCoLC)1167529041 
050 4 |a CC83 
072 7 |a HIS000000  |2 bisacsh 
072 7 |a HIS002000  |2 bisacsh 
072 7 |a PHI000000  |2 bisacsh 
082 0 4 |a 900  |2 23 
049 |a TXAM 
100 1 |a Stabrey, Undine,  |e author. 
245 1 0 |a Archäologische Untersuchungen. Über Temporalität und Dinge /  |c Undine Stabrey. 
250 |a 1. Aufl. 
264 1 |a Bielefeld :  |b Transcript-Verlag,  |c [2017] 
264 4 |c ©2017 
300 |a 1 online resource :  |b zahlr. z. T. farb. Abb 
336 |a text  |b txt  |2 rdacontent 
337 |a computer  |b c  |2 rdamedia 
338 |a online resource  |b cr  |2 rdacarrier 
347 |a text file 
347 |b PDF 
490 1 |a Histoire ;  |v Band 98 
505 0 0 |t Frontmatter --  |t Innehalten --  |t Vorweg und Handhabe --  |t I. Von Zeit und Archäologie -- Temporale Relationen --  |t II. Ding und Zeit als System -- Dreiperiodenargumentation oder auf der Suche nach der gefundenen Zeit --  |t III. Die Unsichtbarmachung des Sehbaren --  |t Zusammenfassung --  |t Résumé --  |t Dank and Diss --  |t Abkürzungs- und Informationsverzeichnis --  |t Wortorte. 
520 |a Wie kommt die Zeit in die Archäologie? Menschen erkennen sich vor allem über ihre Dinge (Arte-fakte) und sind so mit sich selbst eine Zeit. Zeitgestaltung von Menschen ist bedingt und Archäologie ihre Geschichte. Undine Stabrey zeigt am Verhältnis von Mobilität und Erkenntnis, wie Vergangenheit als Geschichte entstehen und wie sich aus Fragen Wissen entwickeln konnte. Sie vermittelt, warum und wie ein Teil der Menschheitsgeschichte in eine Steinzeit, Bronzezeit und Eisenzeit verzeitlicht wurde. 
546 |a In German. 
588 0 |a Online resource; title from PDF title page (publisher's Web site, viewed 13. Sep 2017). 
504 |a Includes bibliographical references. 
588 0 |a Print version record. 
650 0 |a Archaeology  |x Research. 
650 0 |a Archaeology  |x History. 
650 0 |a Chronology  |x History. 
650 0 |a Classical antiquities. 
650 0 |a Time  |x Philosophy. 
650 6 |a Archéologie  |x Recherche. 
650 6 |a Archéologie  |x Histoire. 
650 6 |a Chronologie  |x Histoire. 
650 6 |a Antiquités gréco-romaines. 
650 6 |a Temps  |x Philosophie. 
650 7 |a classical archaeology.  |2 aat 
650 7 |a History.  |2 bicssc 
650 7 |a History: theory and methods.  |2 bicssc 
650 7 |a Humanities.  |2 bicssc 
650 7 |a HISTORY  |x General.  |2 bisacsh 
650 7 |a Archaeology  |2 fast 
650 7 |a Archaeology  |x Research  |2 fast 
650 7 |a Chronology  |2 fast 
650 7 |a Classical antiquities  |2 fast 
650 7 |a Time  |x Philosophy  |2 fast 
653 |a Anthropofakte Mobility. 
653 |a Archaeology. 
653 |a Bronze Age. 
653 |a Contemporary. 
653 |a Cultural History. 
653 |a History of Science. 
653 |a History. 
653 |a Iron Age. 
653 |a Materiality. 
653 |a Past. 
653 |a Philosophy of Time. 
653 |a Philosophy. 
653 |a Science. 
653 |a Stone Age. 
653 |a Theory of History. 
653 |a Thing. 
653 |a Time. 
655 7 |a Electronic books.  |2 local 
655 7 |a History  |2 fast 
710 2 |a Walter de Gruyter & Co. 
776 0 8 |i Print version:  |a Stabrey, Undine.  |t Archäologische Untersuchungen. Über Temporalität und Dinge.  |b 1. Aufl.  |d Bielefeld : Transcript-Verlag, [2017]  |z 9783839435861 
830 0 |a Histoire (Transcript (Firm)) ;  |v 98. 
856 4 0 |u https://www.degruyter.com/openurl?genre=book&isbn=9783839435861  |z Connect to the full text of this electronic book  |t 0 
955 |a De Gruyter Open Access ebooks 
994 |a 92  |b TXA 
999 f f |s dd964a73-b6e7-4cf5-bba9-9b292ee46572  |i bb01c6be-2e3e-4c85-b1e9-0f31e22e9075  |t 0 
952 f f |a Texas A&M University  |b College Station  |c Electronic Resources  |d Available Online  |t 0  |e CC83   |h Library of Congress classification 
998 f f |a CC83   |t 0  |l Available Online